| 000 | 00588nam a2200181Ia 4500 | ||
|---|---|---|---|
| 008 | 100920s9999 xx 000 0 und d | ||
| 082 |
_b890 _a491.462 थ 71 |
||
| 100 | _aबेडेकर विश्राम. | ||
| 245 | _aवाजे पाऊल आपुले. | ||
| 260 |
_bसाधना प्रकाशन.,पुणे. _c1971 |
||
| 300 |
_a80 _bसाधी |
||
| 365 | _b4 | ||
| 520 | _aनाटक. | ||
| 630 | _aवाजे पाऊल आपुले. | ||
| 650 | _aनाटक. | ||
| 730 | _aवाजे पाऊल आपुले. | ||
| 942 | _cBOOK | ||
| 999 |
_c671812 _d671809 |
||